3 Nights - Dominic Fike (All Lyrics) - Statistics

General Stats
  • This quiz has been taken 90 times
  • The average score is 313 of 409
Answer Stats
Answer % Correct
a
100%
I
100%
me
100%
night
100%
Three
100%
three
100%
at
98%
nights
98%
the
98%
you
98%
You
98%
City
96%
motel
96%
if
94%
in
94%
In
94%
when
94%
Call
92%
call
92%
of
90%
want
90%
what
90%
to
88%
And
86%
and
86%
can
84%
your
84%
up
82%
names
80%
streetlights
80%
from
76%
From
76%
Under
76%
under
76%
no
73%
all
71%
like
71%
Palms
71%
every
69%
I'm
69%
For
65%
for
65%
lights
65%
stay
65%
Stay
65%
tonight
65%
body
63%
naked
63%
pictures
63%
problems
63%
Don't
61%
Feel
61%
good
61%
with
61%
can't
59%
could
59%
down
59%
got
59%
I've
59%
language
59%
minute
59%
use
59%
wanna
59%
company
57%
faces
57%
it
57%
little
57%
been
55%
everything
55%
neck
55%
time
55%
waist
55%
waste
55%
Green
53%
It's
53%
least
53%
matter
53%
now
53%
Seems
53%
tell
53%
her
51%
my
51%
only
51%
So
51%
wait
51%
She
49%
too
49%
walls
49%
But
47%
'Cause
47%
reach
47%
figured
45%
calls
43%
day
43%
say
43%
sent
43%
take
43%
each
41%
fix
41%
Just
41%
bad
39%
barricades
39%
is
39%
returning
39%
turn
39%
feelings
37%
get
37%
into
37%
make
37%
one
37%
or
37%
Or
37%
Flaws
35%
Talkin'
35%
lost
33%
off
33%
room
33%
ways
33%
modern
31%
music
31%
wrong
31%
far
29%
gone
29%
head
27%
sense
27%
stopped
27%
you've
27%
long
25%
pedestal
24%
ain't
22%
movies
22%
out
22%
Thinkin'
22%
watchin'
22%
'bout
20%
money
20%
made
18%
late
16%
halls
14%
tryna
14%
through
12%
Walkin'
12%
MIA
10%
Maybe
6%
someday
6%
Stuck
6%
vows
0%
No matching quizzes found
Score Distribution
Percent of People with Each Score
Percentile by Number Answered
Your Score History
You have not taken this quiz